|
|
|
|
| LEADER |
01037nam a2200313 a 4500 |
| 001 |
000560467 |
| 003 |
CZ BrMZK |
| 005 |
20030822075310.0 |
| 007 |
ta |
| 008 |
010907s1992 xr f 000 m cze d |
| 015 |
|
|
|a cnb000070284
|
| 020 |
|
|
|a 80-85279-59-2
|q (Brož.)
|
| 035 |
|
|
|a (OCoLC)39601677
|
| 040 |
|
|
|a BOA001
|b cze
|
| 041 |
1 |
|
|a cze
|h eng
|
| 080 |
|
|
|a 820(73)-31=850
|2 MRF
|
| 100 |
1 |
|
|a Kröger, Kelly
|4 aut
|
| 245 |
1 |
0 |
|a Jen za tmy září hvězdy /
|c Kelly Kroegerová ; Z angl. přel. Petr Lander
|
| 250 |
|
|
|a 1. vyd.
|
| 260 |
|
|
|a Praha :
|b Kredit,
|c 1992
|
| 300 |
|
|
|a 124 s. ;
|c 17 cm
|
| 490 |
1 |
|
|a Buldok. Sladké snění ;
|v 3
|
| 700 |
1 |
|
|a Langer, Petr
|4 trl
|
| 765 |
0 |
|
|t Backstage Romance
|9 Česky
|
| 830 |
|
0 |
|a Buldok.
|p Sladké snění
|0 s
|
| 856 |
4 |
1 |
|u http://www.digitalniknihovna.cz/mzk/uuid/uuid:08380ac0-fdb3-11e2-9923-005056827e52
|y Digitalizovaný dokument
|x NDK
|
| 910 |
|
|
|a BOA001
|b 1-0983.680
|
| 990 |
|
|
|a BK
|
| 996 |
6 |
|
|b 2619614473
|c 1-0983.680
|l MZK
|r Sklad / do 1 hodiny
|n 0
|w 000560467
|u 000010
|a 1
|e BOA001
|j MZK50
|s P
|